| 000 | 00885nam a2200229Ii 4500 | ||
|---|---|---|---|
| 003 | JO-AjNU | ||
| 008 | 230605s9999||||xx |||||||||||||| ||und|| | ||
| 017 | _a2010/11688 | ||
| 020 | _a978-977-5676344 | ||
| 040 |
_aJO-AjNU _bara _erda _cJO-AjNU |
||
| 041 | _aara | ||
| 050 | 1 | 4 | _aHD7096. M52 2010 |
| 100 | 3 |
_aالمنظمة العربية للتنمية الإدارية، القاهرة, _eauthor _951965 |
|
| 245 | 0 | 0 | _aادارة صناديق التأمينات والمعاشات |
| 264 | 3 | 1 | _aالقاهرة: المنظمة العربية للتنمية الادارية، 2010 |
| 300 |
_a406ص _bيحتوي على جداول |
||
| 336 |
_atext _btxt _2rdacontent |
||
| 337 |
_aunmediated _bn _2rdamedia |
||
| 338 |
_avolume _bnc _2rdacarrier |
||
| 490 | 0 | _aاعمال مؤتمرات | |
| 650 | 4 |
_a التأمين الاجتماعي - إدارة -مؤتمرات _951966 |
|
| 999 |
_aA22991 _c26559 _d26559 |
||